| Tag |
First Indicator |
Second Indicator |
Subfields |
| LEADER |
00000cam a2200000 a 4500 |
| 001 |
in00000098547 |
| 005 |
20150924085807.0 |
| 008 |
800724s1980 ilua 00010 eng d |
| 010 |
|
|
|a 73186804
|
| 035 |
|
|
|a (OCoLC)06548467
|
| 035 |
|
|
|9 AAK9648AM
|
| 040 |
|
|
|a AKF
|c AKF
|d TXA
|d UtOrBLW
|
| 049 |
|
|
|a TXAM
|c [1167275]
|
| 090 |
|
|
|a HV7936 E7
|b L4 1980a
|
| 100 |
1 |
|
|a Lewis, Jack,
|d 1924-2009.
|
| 245 |
1 |
0 |
|a Law enforcement handgun digest /
|c by Jack Lewis.
|
| 250 |
|
|
|a 3rd ed.
|
| 264 |
|
1 |
|a Chicago :
|b Follett,
|c 1980.
|
| 300 |
|
|
|a 288 pages :
|b illustrations ;
|c 28 cm.
|
| 336 |
|
|
|a text
|b txt
|2 rdacontent
|
| 337 |
|
|
|a unmediated
|b n
|2 rdamedia
|
| 338 |
|
|
|a volume
|b nc
|2 rdacarrier
|
| 500 |
|
|
|a Editions published in 1972 and 1976 were by Dean A. Grennell.
|
| 650 |
|
0 |
|a Pistols.
|
| 650 |
|
0 |
|a Pistol shooting.
|
| 650 |
|
0 |
|a Police
|x Equipment and supplies.
|
| 700 |
1 |
|
|a Grennell, Dean A.
|t Law enforcement handbook digest.
|
| 999 |
|
|
|a MARS
|
| 999 |
f |
f |
|s 6c82a141-245a-387a-93e8-b35af52f8b77
|i e62e6d6e-198a-3f50-9b99-c509267ad018
|t 0
|
| 952 |
f |
f |
|p ric
|a Texas A&M University
|b Rellis Campus
|c Joint Library Facility
|d Remote Storage
|t 0
|e HV7936 E7 L4 1980a
|h Library of Congress classification
|i unmediated -- volume
|m A14806027146
|
| 998 |
f |
f |
|a HV7936 E7 L4 1980a
|t 0
|l Remote Storage
|